000
00279nam a2200109Ia 4500
008
220204s9999 xx 000 0 und d
082
_a
8(082.2)
_b
HYM
245
0
_a
Dictionary of famous quotations
260
_a
London
_b
Bell and Hyman
_c
1962
700
_a
Hyman, Robin
942
_c
BK
999
_c
33234
_d
33234